zpět

Detail výsledku týmu

Bowling pub, Vyškov

Datum a čas kvízu

25 Celkem bodů Celkový počet nahraných bodů na tomto kvízu bez doplňovacích otázek.
5. Pořadí na kvízu Konečné umístění týmu na tomto kvízu.

Zaznamenané odpovědi

# Otázka Odpověď Body Výsledky
1. Kardiochirurgické centrum Faku... spalničky 1
2. Dosavadní japonský císař Akihi... Naruhito 0
3. Minulé pondělí se vrátilo do e... banán 0
4. Vedení jisté evropské metropol... Amsterdam 0
5. Slavného španělského brankáře,... Iker Casillas 1
6. Jelikož minulý týden uplynulo... Německo 1
7. V celkem kolika státech EU (vč... v sedmi státech 0
8. Která ze členských zemí EU má... Švédsko 1
9. Které tři státy EU mají nejmen... Kypr, Lucembursko, Malta 0
10. V roce 1986 rozšířily Evropská... Španělsko a Portugalsko 0